[Event "World Youth & Cadets Rapid Championships"]
[Site "Rhodes, Greece"]
[Date "2022.05.01"]
[Round "2.14"]
[White "Gloeckler, Christian"]
[Black "Begmuratov, Khumoyun"]
[Result "0-1"]
[TimeControl "10'/game & 5\"/move"]
[WhiteElo "1497"]
[BlackElo "1977"]

1. e4 {[%clk 00:10:09]} e5 {[%clk 00:10:08]} {[%emt 00:00:03]} 2. Nf3 {[%clk
00:10:11]} {[%emt 00:00:02]} Nc6 {[%clk 00:10:12]} 3. Bb5 {[%clk 00:10:14]}
{[%emt 00:00:04]} a6 4. Bxc6 {[%clk 00:10:14]} dxc6 {[%clk 00:10:18]} {[%emt
00:00:04]} 5. d4 {[%clk 00:10:16]} {[%emt 00:00:02]} exd4 {[%clk 00:10:19]}
{[%emt 00:00:04]} 6. Qxd4 {[%clk 00:10:19]} {[%emt 00:00:02]} Qxd4 {[%clk
00:10:19]} {[%emt 00:00:06]} 7. Nxd4 {[%clk 00:10:22]} {[%emt 00:00:02]} Bd7
{[%clk 00:10:19]} {[%emt 00:00:04]} 8. f3 {[%clk 00:10:05]} {[%emt 00:00:22]}
O-O-O {[%clk 00:10:16]} {[%emt 00:00:08]} 9. Be3 {[%clk 00:10:05]} {[%emt
00:00:05]} Bd6 {[%clk 00:10:03]} {[%emt 00:00:19]} 10. Nd2 {[%clk 00:10:04]}
{[%emt 00:00:05]} Ne7 {[%clk 00:09:24]} {[%emt 00:00:43]} 11. O-O-O {[%clk
00:10:00]} {[%emt 00:00:10]} b6 {[%clk 00:08:39]} {[%emt 00:00:50]} 12. c3
{[%clk 00:09:08]} {[%emt 00:00:58]} c5 {[%clk 00:08:30]} {[%emt 00:00:14]} 13.
Nc2 {[%emt 00:00:15]} Be6 14. b3 {[%clk 00:08:19]} {[%emt 00:00:45]} f6 {[%clk
00:08:07]} {[%emt 00:00:32]} 15. g3 {[%clk 00:07:53]} {[%emt 00:00:30]} h5
{[%clk 00:07:53]} {[%emt 00:00:19]} 16. f4 {[%clk 00:06:00]} {[%emt 00:01:59]}
Nc6 {[%emt 00:00:19]} 17. c4 {[%clk 00:05:13]} {[%emt 00:00:50]} h4 {[%clk
00:06:51]} {[%emt 00:00:54]} 18. Rdg1 {[%clk 00:04:08]} {[%emt 00:01:10]} Nd4
{[%clk 00:05:42]} {[%emt 00:01:15]} 19. Bxd4 {[%clk 00:03:25]} {[%emt
00:00:46]} cxd4 {[%clk 00:05:46]} {[%emt 00:00:03]} 20. Ne1 {[%clk 00:03:04]}
{[%emt 00:00:26]} hxg3 {[%clk 00:04:19]} {[%emt 00:01:32]} 21. hxg3 {[%emt
00:00:49]} Bg4 {[%clk 00:03:19]} {[%emt 00:00:22]} 22. Nd3 {[%clk 00:02:47]}
{[%emt 00:00:21]} g5 {[%clk 00:02:48]} {[%emt 00:00:36]} 23. e5 {[%clk
00:01:31]} {[%emt 00:01:20]} fxe5 {[%clk 00:02:47]} {[%emt 00:00:06]} 24. Nxe5
{[%clk 00:01:21]} {[%emt 00:00:15]} Rxh1 {[%clk 00:01:58]} {[%emt 00:00:55]} 25.
Rxh1 {[%clk 00:01:20]} {[%emt 00:00:05]} Bf5 {[%clk 00:01:08]} {[%emt
00:00:55]} 26. g4 {[%clk 00:01:00]} {[%emt 00:00:26]} Be6 {[%clk 00:00:33]}
{[%emt 00:00:39]} 27. Nc6 {[%clk 00:00:48]} {[%emt 00:00:17]} Ba3+ {[%clk
00:00:18]} {[%emt 00:00:20]} 28. Kc2 {[%emt 00:00:08]} Rd6 {[%clk 00:00:12]}
{[%emt 00:00:09]} 29. Rh8+ {[%clk 00:00:44]} {[%emt 00:00:08]} Kb7 {[%clk
00:00:11]} {[%emt 00:00:07]} 30. Nd8+ {[%clk 00:00:35]} {[%emt 00:00:14]} Ka7
{[%clk 00:00:15]} 31. Nxe6 {[%clk 00:00:20]} {[%emt 00:00:20]} Rxe6 {[%clk
00:00:19]} 32. f5 {[%clk 00:00:19]} {[%emt 00:00:06]} Re3 {[%emt 00:00:17]} 33.
f6 {[%clk 00:00:14]} {[%emt 00:00:08]} Bb4 {[%clk 00:00:08]} {[%emt 00:00:06]}
34. f7 {[%clk 00:00:09]} {[%emt 00:00:10]} d3+ {[%emt 00:00:05]} 35. Kd1 {[%clk
00:00:12]} {[%emt 00:00:01]} Re2 {[%clk 00:00:07]} {[%emt 00:00:07]} 36. f8=Q
{[%clk 00:00:14]} {[%emt 00:00:04]} Rxd2+ {[%clk 00:00:11]} {[%emt 00:00:01]}
37. Kc1 {[%clk 00:00:11]} {[%emt 00:00:07]} Rc2+ {[%clk 00:00:15]} 38. Kd1
{[%clk 00:00:15]} {[%emt 00:00:01]} Bxf8 {[%clk 00:00:18]} {[%emt 00:00:01]} 39.
Rxf8 {[%clk 00:00:18]} {[%emt 00:00:02]} Rg2 {[%clk 00:00:11]} {[%emt
00:00:13]} 40. Rf7 {[%clk 00:00:17]} {[%emt 00:00:06]} Kb7 {[%clk 00:00:14]}
{[%emt 00:00:02]} 41. Rd7 {[%clk 00:00:18]} {[%emt 00:00:05]} Rxg4 {[%clk
00:00:15]} {[%emt 00:00:02]} 42. Rxd3 {[%clk 00:00:20]} {[%emt 00:00:04]} Rg1+
{[%clk 00:00:18]} {[%emt 00:00:02]} 43. Kc2 {[%emt 00:00:14]} Rg2+ {[%clk
00:00:23]} 44. Kc3 {[%emt 00:00:06]} Rxa2 {[%clk 00:00:22]} {[%emt 00:00:02]}
45. Rg3 {[%clk 00:00:17]} {[%emt 00:00:01]} Ra5 {[%clk 00:00:25]} {[%emt
00:00:02]} 46. Kd4 {[%clk 00:00:13]} {[%emt 00:00:09]} Rf5 {[%clk 00:00:19]}
{[%emt 00:00:11]} 47. Ke4 {[%clk 00:00:13]} {[%emt 00:00:05]} Rc5 {[%clk
00:00:18]} {[%emt 00:00:07]} 48. Kd4 {[%clk 00:00:16]} {[%emt 00:00:03]} a5
{[%clk 00:00:18]} {[%emt 00:00:05]} 49. Rg1 {[%clk 00:00:17]} {[%emt 00:00:02]}
Kc8 {[%clk 00:00:15]} {[%emt 00:00:08]} 50. Rg4 {[%clk 00:00:14]} {[%emt
00:00:09]} Kd7 {[%clk 00:00:18]} {[%emt 00:00:02]} 51. Ke4 {[%clk 00:00:12]}
{[%emt 00:00:06]} a4 {[%clk 00:00:19]} {[%emt 00:00:05]} 52. Kd3 {[%clk
00:00:11]} {[%emt 00:00:06]} axb3 {[%clk 00:00:23]} 53. Rg1 {[%clk 00:00:15]}
{[%emt 00:00:01]} b5 {[%clk 00:00:22]} {[%emt 00:00:06]} 54. cxb5 {[%clk
00:00:15]} {[%emt 00:00:05]} b2 {[%clk 00:00:20]} {[%emt 00:00:07]} 55. Rb1
{[%clk 00:00:11]} {[%emt 00:00:09]} Rxb5 {[%clk 00:00:24]} {[%emt 00:00:02]} 56.
Kc4 {[%clk 00:00:14]} {[%emt 00:00:02]} 0-1

[Event "World Youth & Cadets Rapid Championships"]
[Site "Rhodes, Greece"]
[Date "2022.05.01"]
[Round "2.15"]
[White "Karvatskyi, Oleksii"]
[Black "Bangert, Jonas"]
[Result "1-0"]
[TimeControl "10'/game & 5\"/move"]
[WhiteElo "1919"]
[BlackElo "1483"]

1. e4 {[%clk 00:10:08]} {[%emt 00:00:01]} c5 {[%clk 00:10:09]} {[%emt
00:00:01]} 2. b3 {[%clk 00:10:12]} {[%emt 00:00:01]} Nc6 {[%clk 00:10:02]}
{[%emt 00:00:12]} 3. Bb2 {[%clk 00:10:15]} {[%emt 00:00:02]} d6 {[%clk
00:09:35]} {[%emt 00:00:32]} 4. Bb5 {[%clk 00:10:14]} {[%emt 00:00:06]} e5
{[%clk 00:08:31]} {[%emt 00:01:09]} 5. Nc3 {[%clk 00:10:06]} {[%emt 00:00:12]}
g6 {[%clk 00:08:28]} {[%emt 00:00:09]} 6. Nge2 {[%clk 00:10:02]} {[%emt
00:00:09]} Bg7 {[%clk 00:08:28]} {[%emt 00:00:05]} 7. Bc4 {[%clk 00:10:05]}
{[%emt 00:00:02]} f5 {[%clk 00:08:01]} {[%emt 00:00:32]} 8. exf5 {[%clk
00:09:54]} {[%emt 00:00:16]} Bxf5 {[%clk 00:08:04]} {[%emt 00:00:02]} 9. Ng3
{[%clk 00:09:54]} {[%emt 00:00:05]} Nge7 {[%clk 00:07:11]} {[%emt 00:00:58]} 10.
Nxf5 {[%clk 00:09:53]} {[%emt 00:00:07]} Nxf5 {[%clk 00:07:01]} {[%emt
00:00:14]} 11. O-O {[%clk 00:09:24]} {[%emt 00:00:34]} Nfe7 {[%clk 00:05:41]}
{[%emt 00:01:25]} 12. Nd5 {[%clk 00:08:29]} {[%emt 00:01:00]} a6 {[%clk
00:04:53]} {[%emt 00:00:54]} 13. a4 {[%clk 00:08:30]} {[%emt 00:00:03]} Rb8
{[%clk 00:04:01]} {[%emt 00:00:57]} 14. Nxe7 {[%clk 00:06:47]} {[%emt
00:01:48]} Nxe7 {[%clk 00:04:04]} {[%emt 00:00:02]} 15. Be6 {[%clk 00:06:49]}
{[%emt 00:00:03]} d5 {[%clk 00:03:29]} {[%emt 00:00:40]} 16. f4 {[%clk
00:06:35]} {[%emt 00:00:19]} Qd6 {[%clk 00:02:41]} {[%emt 00:00:53]} 17. Qg4
{[%clk 00:06:01]} {[%emt 00:00:40]} Rf8 {[%clk 00:01:22]} {[%emt 00:01:23]} 18.
Rae1 {[%clk 00:04:28]} {[%emt 00:01:38]} d4 {[%clk 00:00:46]} {[%emt 00:00:41]}
19. fxe5 {[%clk 00:01:53]} {[%emt 00:02:40]} Bxe5 {[%clk 00:00:17]} {[%emt
00:00:34]} 20. Rxf8+ {[%clk 00:01:40]} {[%emt 00:00:18]} Kxf8 {[%clk 00:00:21]}
21. Rf1+ {[%clk 00:00:51]} {[%emt 00:00:54]} Kg7 {[%clk 00:00:25]} {[%emt
00:00:01]} 22. Rf7+ {[%clk 00:00:53]} {[%emt 00:00:04]} Kh8 {[%clk 00:00:29]}
23. Qh4 {[%clk 00:00:46]} {[%emt 00:00:12]} Bg7 {[%clk 00:00:11]} {[%emt
00:00:23]} 24. Qxe7 {[%clk 00:00:46]} {[%emt 00:00:05]} Qxe7 {[%clk 00:00:12]}
{[%emt 00:00:04]} 25. Rxe7 {[%clk 00:00:50]} {[%emt 00:00:01]} Rd8 {[%clk
00:00:08]} {[%emt 00:00:09]} 26. Rxb7 {[%clk 00:00:48]} {[%emt 00:00:07]} Re8
{[%clk 00:00:10]} {[%emt 00:00:02]} 27. Rb6 {[%clk 00:00:45]} {[%emt 00:00:09]}
Bf8 {[%clk 00:00:12]} {[%emt 00:00:03]} 28. c3 {[%clk 00:00:44]} {[%emt
00:00:05]} Kg7 {[%clk 00:00:11]} {[%emt 00:00:06]} 29. cxd4 {[%clk 00:00:47]}
{[%emt 00:00:02]} cxd4 {[%clk 00:00:15]} {[%emt 00:00:01]} 30. Bxd4+ {[%clk
00:00:51]} Kh6 {[%clk 00:00:18]} {[%emt 00:00:03]} 31. Be3+ {[%clk 00:00:52]}
{[%emt 00:00:04]} Kh5 {[%clk 00:00:22]} 32. Bc4 {[%clk 00:00:52]} {[%emt
00:00:05]} Ra8 {[%clk 00:00:19]} {[%emt 00:00:08]} 33. Be2+ {[%clk 00:00:54]}
{[%emt 00:00:02]} Kh4 {[%clk 00:00:22]} {[%emt 00:00:02]} 34. Rc6 {[%clk
00:00:38]} {[%emt 00:00:22]} Re8 {[%clk 00:00:09]} {[%emt 00:00:17]} 35. Rc4+
{[%clk 00:00:41]} {[%emt 00:00:02]} Re4 {[%clk 00:00:12]} {[%emt 00:00:02]} 36.
Rxe4# {[%clk 00:00:45]} 1-0

[Event "World Youth & Cadets Rapid Championships"]
[Site "Rhodes, Greece"]
[Date "2022.05.01"]
[Round "2.16"]
[White "Groot Wassink, Leon"]
[Black "Mamedov, Edgar"]
[Result "0-1"]
[TimeControl "10'/game & 5\"/move"]
[WhiteElo "1472"]
[BlackElo "1854"]

1. e4 {[%clk 00:10:09]} c5 {[%clk 00:10:09]} {[%emt 00:00:01]} 2. Nc3 {[%clk
00:10:12]} {[%emt 00:00:02]} Nc6 {[%clk 00:10:13]} {[%emt 00:00:02]} 3. Bb5
{[%clk 00:10:14]} {[%emt 00:00:03]} Nd4 {[%clk 00:10:13]} {[%emt 00:00:05]} 4.
Bc4 {[%clk 00:10:16]} {[%emt 00:00:02]} g6 {[%clk 00:10:07]} {[%emt 00:00:11]}
5. Nf3 {[%clk 00:10:19]} {[%emt 00:00:02]} Bg7 {[%clk 00:10:11]} {[%emt
00:00:02]} 6. d3 {[%clk 00:10:19]} {[%emt 00:00:04]} e6 {[%clk 00:10:14]}
{[%emt 00:00:03]} 7. Bf4 {[%clk 00:09:46]} {[%emt 00:00:13]} Ne7 {[%clk
00:09:23]} {[%emt 00:01:21]} 8. Bd6 {[%clk 00:09:08]} {[%emt 00:00:42]} Qb6
{[%clk 00:09:10]} {[%emt 00:00:18]} 9. Bxe7 {[%clk 00:07:47]} {[%emt 00:01:26]}
Kxe7 {[%clk 00:09:05]} {[%emt 00:00:10]} 10. O-O {[%clk 00:07:38]} {[%emt
00:00:14]} Qxb2 {[%clk 00:08:37]} {[%emt 00:00:33]} 11. Nxd4 {[%clk 00:06:36]}
{[%emt 00:01:07]} Qxc3 {[%clk 00:06:34]} {[%emt 00:02:08]} 12. Nb5 {[%clk
00:06:15]} {[%emt 00:00:27]} Qxa1 {[%clk 00:06:22]} {[%emt 00:00:17]} 13. Qxa1
{[%clk 00:06:07]} {[%emt 00:00:05]} Bxa1 {[%clk 00:06:24]} {[%emt 00:00:10]} 14.
Rxa1 {[%clk 00:06:11]} {[%emt 00:00:01]} a6 {[%clk 00:06:14]} {[%emt 00:00:15]}
15. Nc3 {[%clk 00:06:05]} {[%emt 00:00:11]} b5 {[%clk 00:06:15]} {[%emt
00:00:05]} 16. Nxb5 {[%clk 00:06:01]} {[%emt 00:00:07]} axb5 {[%clk 00:06:19]}
{[%emt 00:00:03]} 17. Bxb5 {[%clk 00:06:04]} {[%emt 00:00:02]} Ba6 {[%clk
00:06:21]} {[%emt 00:00:02]} 18. Ba4 {[%clk 00:06:00]} {[%emt 00:00:09]} Bxd3
{[%clk 00:06:24]} {[%emt 00:00:02]} 19. Bxd7 {[%clk 00:06:01]} {[%emt
00:00:04]} Kxd7 {[%emt 00:00:04]} 20. cxd3 {[%emt 00:00:03]} Ra3 {[%clk
00:06:28]} 21. Kf1 {[%clk 00:06:02]} {[%emt 00:00:07]} Rxd3 {[%clk 00:06:31]}
{[%emt 00:00:02]} 22. Ke2 {[%emt 00:00:02]} Rd4 {[%clk 00:06:35]} 23. f3 {[%clk
00:06:08]} {[%emt 00:00:02]} Ra8 {[%clk 00:06:38]} {[%emt 00:00:02]} 24. Rb1
{[%clk 00:05:58]} {[%emt 00:00:15]} Rxa2+ {[%clk 00:06:41]} {[%emt 00:00:02]}
25. Ke3 {[%clk 00:06:02]} Rxg2 {[%clk 00:06:40]} {[%emt 00:00:07]} 26. Rb7+
{[%clk 00:06:06]} Kc6 {[%clk 00:06:44]} {[%emt 00:00:03]} 27. Rxf7 {[%clk
00:06:09]} e5 {[%clk 00:06:45]} {[%emt 00:00:05]} 28. Rxh7 {[%clk 00:06:09]} c4
{[%clk 00:06:47]} {[%emt 00:00:09]} 29. Rc7+ {[%clk 00:05:29]} Kxc7 {[%clk
00:06:47]} 30. f4 {[%clk 00:05:29]} Rd3# {[%clk 00:06:47]} 0-1

[Event "World Youth & Cadets Rapid Championships"]
[Site "Rhodes, Greece"]
[Date "2022.05.01"]
[Round "2.17"]
[White "Korelskiy, Egor"]
[Black "Tadic, Jure"]
[Result "1-0"]
[TimeControl "10'/game & 5\"/move"]
[WhiteElo "1822"]
[BlackElo "1453"]

1. e4 {[%clk 00:10:08]} {[%emt 00:00:01]} e5 {[%clk 00:10:08]} {[%emt
00:00:02]} 2. Nf3 {[%clk 00:10:10]} {[%emt 00:00:02]} Nc6 {[%clk 00:10:11]}
{[%emt 00:00:03]} 3. Bb5 {[%clk 00:10:13]} {[%emt 00:00:02]} a6 {[%clk
00:10:14]} {[%emt 00:00:02]} 4. Ba4 {[%clk 00:10:17]} {[%emt 00:00:02]} Nf6
{[%clk 00:10:16]} {[%emt 00:00:02]} 5. O-O {[%clk 00:10:18]} {[%emt 00:00:03]}
Be7 {[%clk 00:10:18]} {[%emt 00:00:03]} 6. Re1 {[%clk 00:10:21]} {[%emt
00:00:02]} b5 {[%clk 00:10:21]} {[%emt 00:00:02]} 7. Bb3 {[%clk 00:10:24]}
{[%emt 00:00:02]} d6 {[%clk 00:10:24]} {[%emt 00:00:03]} 8. c3 {[%clk
00:10:26]} {[%emt 00:00:04]} O-O {[%clk 00:10:05]} {[%emt 00:00:23]} 9. h3
{[%clk 00:10:29]} {[%emt 00:00:02]} Na5 {[%clk 00:10:07]} {[%emt 00:00:03]} 10.
Bc2 {[%clk 00:10:32]} {[%emt 00:00:01]} c5 {[%clk 00:10:10]} {[%emt 00:00:03]}
11. d4 {[%clk 00:10:36]} {[%emt 00:00:02]} Qc7 {[%clk 00:10:10]} {[%emt
00:00:04]} 12. d5 {[%clk 00:10:39]} {[%emt 00:00:02]} Bd7 {[%clk 00:10:05]}
{[%emt 00:00:10]} 13. Nbd2 {[%clk 00:10:36]} {[%emt 00:00:09]} Nb7 {[%clk
00:09:54]} {[%emt 00:00:15]} 14. Nf1 {[%clk 00:10:34]} {[%emt 00:00:07]} Ne8
{[%clk 00:09:02]} {[%emt 00:00:57]} 15. Ng3 {[%clk 00:10:33]} {[%emt 00:00:05]}
g6 {[%clk 00:09:05]} {[%emt 00:00:03]} 16. Nh2 {[%clk 00:09:31]} {[%emt
00:01:06]} Ng7 {[%clk 00:08:53]} {[%emt 00:00:18]} 17. f4 {[%clk 00:09:28]}
{[%emt 00:00:08]} f5 {[%clk 00:07:17]} {[%emt 00:01:41]} 18. fxe5 {[%clk
00:08:37]} {[%emt 00:00:57]} dxe5 {[%clk 00:07:15]} {[%emt 00:00:06]} 19. exf5
{[%clk 00:08:33]} {[%emt 00:00:10]} Nxf5 {[%clk 00:07:14]} {[%emt 00:00:05]} 20.
Ne4 {[%clk 00:07:35]} {[%emt 00:01:02]} Nbd6 {[%clk 00:06:33]} {[%emt
00:00:46]} 21. Nf3 {[%clk 00:06:06]} {[%emt 00:01:35]} Nxe4 {[%clk 00:06:06]}
{[%emt 00:00:32]} 22. Bxe4 {[%clk 00:06:08]} {[%emt 00:00:03]} Bd6 {[%clk
00:05:45]} {[%emt 00:00:26]} 23. Ng5 {[%clk 00:05:29]} {[%emt 00:00:43]} Rae8
{[%clk 00:04:29]} {[%emt 00:01:22]} 24. Ne6 {[%clk 00:04:14]} {[%emt 00:01:20]}
Bxe6 {[%clk 00:04:19]} {[%emt 00:00:15]} 25. dxe6 {[%clk 00:04:17]} {[%emt
00:00:02]} Kh8 {[%clk 00:03:48]} {[%emt 00:00:36]} 26. a4 {[%clk 00:02:52]}
{[%emt 00:01:30]} Rxe6 {[%clk 00:03:00]} {[%emt 00:00:53]} 27. axb5 {[%clk
00:02:49]} {[%emt 00:00:08]} axb5 {[%clk 00:02:57]} {[%emt 00:00:08]} 28. Qb3
{[%clk 00:02:41]} {[%emt 00:00:13]} Qd7 {[%clk 00:02:30]} {[%emt 00:00:33]} 29.
Bc6 {[%clk 00:01:13]} {[%emt 00:01:33]} Qe7 {[%clk 00:01:46]} {[%emt 00:00:48]}
30. Bd5 {[%clk 00:01:15]} {[%emt 00:00:02]} c4 {[%clk 00:01:37]} {[%emt
00:00:15]} 31. Qxb5 {[%clk 00:00:43]} {[%emt 00:00:37]} Bc5+ {[%clk 00:01:26]}
{[%emt 00:00:16]} 32. Kh2 {[%clk 00:00:41]} {[%emt 00:00:07]} Rb6 {[%emt
00:00:20]} 33. Qxc4 {[%clk 00:00:34]} {[%emt 00:00:10]} Qd6 {[%clk 00:01:08]}
{[%emt 00:00:10]} 34. Be4 {[%clk 00:00:33]} {[%emt 00:00:07]} Rc8 {[%clk
00:00:59]} {[%emt 00:00:14]} 35. Qe2 {[%clk 00:00:29]} {[%emt 00:00:08]} Rb7
{[%clk 00:00:09]} {[%emt 00:00:55]} 36. b4 {[%clk 00:00:16]} {[%emt 00:00:18]}
Ba7 {[%clk 00:00:14]} {[%emt 00:00:01]} 37. Bb2 {[%emt 00:00:10]} Re7 {[%clk
00:00:14]} 38. Rad1 {[%clk 00:00:17]} {[%emt 00:00:04]} Qf6 {[%emt 00:00:07]}
39. Qf3 {[%clk 00:00:13]} {[%emt 00:00:08]} Rf8 {[%clk 00:00:10]} {[%emt
00:00:08]} 40. Rf1 {[%clk 00:00:15]} {[%emt 00:00:03]} Qg7 {[%clk 00:00:11]}
{[%emt 00:00:03]} 41. g4 {[%clk 00:00:17]} {[%emt 00:00:03]} Ne3 {[%clk
00:00:08]} {[%emt 00:00:09]} 42. Qxf8+ {[%clk 00:00:20]} {[%emt 00:00:01]} Qxf8
{[%clk 00:00:13]} 43. Rxf8+ {[%emt 00:00:03]} Kg7 44. Rdd8 {[%clk 00:00:27]}
Nd1 {[%clk 00:00:09]} {[%emt 00:00:13]} 45. Bc1 {[%clk 00:00:30]} {[%emt
00:00:02]} Rc7 {[%clk 00:00:07]} {[%emt 00:00:07]} 46. Bg5 {[%clk 00:00:33]}
{[%emt 00:00:02]} h6 {[%emt 00:00:04]} 47. Rg8+ {[%clk 00:00:36]} Kf7 {[%clk
00:00:14]} {[%emt 00:00:01]} 48. Bd5# {[%clk 00:10:05]} {[%emt 00:00:15]} 1-0

[Event "World Youth & Cadets Rapid Championships"]
[Site "Rhodes, Greece"]
[Date "2022.05.01"]
[Round "2.18"]
[White "Bogdanov, Artyom"]
[Black "Niezhentsev, Kyrylo"]
[Result "1-0"]
[TimeControl "10'/game & 5\"/move"]
[WhiteElo "1450"]
[BlackElo "1803"]

1. e4 {[%clk 00:10:08]} {[%emt 00:00:02]} c5 {[%clk 00:10:09]} {[%emt
00:00:02]} 2. Nf3 {[%clk 00:10:11]} {[%emt 00:00:01]} e6 {[%clk 00:10:13]}
{[%emt 00:00:02]} 3. d4 {[%clk 00:10:15]} cxd4 {[%clk 00:10:17]} {[%emt
00:00:01]} 4. Nxd4 {[%clk 00:10:19]} {[%emt 00:00:01]} Nf6 {[%clk 00:10:21]}
{[%emt 00:00:01]} 5. Nc3 {[%clk 00:10:22]} {[%emt 00:00:02]} Nc6 {[%clk
00:10:25]} 6. Ndb5 {[%clk 00:10:22]} {[%emt 00:00:05]} Bc5 {[%clk 00:10:29]}
{[%emt 00:00:01]} 7. Bf4 {[%clk 00:08:31]} {[%emt 00:01:56]} O-O {[%clk
00:10:32]} {[%emt 00:00:02]} 8. Bc7 {[%clk 00:07:04]} {[%emt 00:01:32]} Qe7
{[%clk 00:10:34]} {[%emt 00:00:01]} 9. Bd6 {[%clk 00:07:05]} {[%emt 00:00:06]}
Bxd6 {[%clk 00:10:37]} {[%emt 00:00:02]} 10. Qxd6 {[%clk 00:07:07]} {[%emt
00:00:02]} Qd8 {[%clk 00:10:41]} {[%emt 00:00:02]} 11. a4 {[%clk 00:05:05]}
{[%emt 00:02:07]} Ne8 {[%clk 00:09:37]} {[%emt 00:01:08]} 12. Qd2 {[%clk
00:05:09]} {[%emt 00:00:02]} a6 {[%clk 00:08:35]} {[%emt 00:01:07]} 13. Na3
{[%clk 00:04:55]} {[%emt 00:00:18]} f5 {[%clk 00:05:08]} {[%emt 00:03:32]} 14.
exf5 {[%clk 00:04:25]} {[%emt 00:00:36]} Rxf5 {[%clk 00:05:08]} {[%emt
00:00:05]} 15. Be2 {[%clk 00:03:48]} {[%emt 00:00:41]} Rf8 {[%clk 00:03:59]}
{[%emt 00:01:14]} 16. O-O {[%clk 00:03:47]} {[%emt 00:00:06]} d5 {[%clk
00:03:57]} {[%emt 00:00:07]} 17. Bg4 {[%clk 00:02:50]} {[%emt 00:01:03]} Nf6
{[%clk 00:03:46]} {[%emt 00:00:16]} 18. Bh3 {[%clk 00:02:42]} {[%emt 00:00:13]}
e5 {[%clk 00:02:28]} {[%emt 00:01:23]} 19. Bxc8 {[%clk 00:02:41]} {[%emt
00:00:06]} Rxc8 {[%clk 00:02:31]} 20. Rfe1 {[%clk 00:01:20]} {[%emt 00:01:27]}
d4 {[%clk 00:01:05]} {[%emt 00:01:31]} 21. Ne4 {[%clk 00:01:23]} {[%emt
00:00:01]} Qd5 {[%clk 00:01:04]} {[%emt 00:00:07]} 22. f3 {[%clk 00:01:09]}
{[%emt 00:00:19]} b5 {[%clk 00:00:29]} {[%emt 00:00:40]} 23. axb5 {[%clk
00:00:32]} {[%emt 00:00:41]} axb5 {[%clk 00:00:33]} {[%emt 00:00:02]} 24. Qe2
{[%clk 00:00:33]} {[%emt 00:00:04]} Rb8 {[%clk 00:00:12]} {[%emt 00:00:26]} 25.
Rad1 {[%clk 00:00:25]} {[%emt 00:00:12]} Nxe4 {[%clk 00:00:13]} {[%emt
00:00:04]} 26. Qxe4 {[%clk 00:00:29]} {[%emt 00:00:01]} Qc5 {[%clk 00:00:17]}
{[%emt 00:00:01]} 27. Kh1 {[%clk 00:00:30]} {[%emt 00:00:05]} Rf4 {[%clk
00:00:16]} {[%emt 00:00:06]} 28. Qe2 {[%clk 00:00:31]} {[%emt 00:00:03]} h6
{[%clk 00:00:09]} {[%emt 00:00:12]} 29. h3 {[%clk 00:00:34]} Rf7 {[%clk
00:00:10]} {[%emt 00:00:05]} 30. Rc1 {[%clk 00:00:33]} {[%emt 00:00:07]} Ra7
{[%clk 00:00:10]} {[%emt 00:00:05]} 31. c3 {[%clk 00:00:14]} {[%emt 00:00:24]}
Qd5 {[%clk 00:00:07]} {[%emt 00:00:08]} 32. cxd4 {[%emt 00:00:09]} exd4 {[%clk
00:00:11]} 33. Red1 {[%clk 00:00:14]} Re7 {[%clk 00:00:09]} {[%emt 00:00:07]}
34. Qd3 {[%clk 00:00:16]} {[%emt 00:00:03]} b4 {[%clk 00:00:09]} {[%emt
00:00:06]} 35. Nc4 {[%clk 00:00:20]} {[%emt 00:00:01]} Rd8 {[%clk 00:00:13]}
{[%emt 00:00:01]} 36. b3 {[%clk 00:00:23]} {[%emt 00:00:02]} Qg5 {[%clk
00:00:07]} 37. Rc2 {[%clk 00:00:24]} {[%emt 00:00:14]} Qd5 {[%clk 00:00:09]}
{[%emt 00:00:04]} 38. Rcd2 {[%clk 00:00:28]} Red7 {[%clk 00:00:10]} {[%emt
00:00:05]} 39. Nb6 {[%clk 00:00:30]} {[%emt 00:00:03]} Qc5 {[%clk 00:00:11]}
{[%emt 00:00:04]} 40. Nxd7 {[%clk 00:00:33]} {[%emt 00:00:02]} Rxd7 {[%clk
00:00:15]} 41. Rc2 {[%clk 00:00:36]} {[%emt 00:00:01]} Qd5 {[%clk 00:00:14]}
{[%emt 00:00:07]} 42. Rdc1 {[%clk 00:00:38]} {[%emt 00:00:03]} Ne5 {[%clk
00:00:16]} {[%emt 00:00:02]} 43. Rc8+ {[%clk 00:00:42]} {[%emt 00:00:02]} Kf7
{[%clk 00:00:14]} {[%emt 00:00:07]} 44. Qf5+ {[%clk 00:00:46]} {[%emt
00:00:01]} Ke7 {[%clk 00:00:18]} {[%emt 00:00:02]} 45. Re1 {[%clk 00:00:44]}
{[%emt 00:00:06]} Kd6 {[%clk 00:00:14]} {[%emt 00:00:09]} 46. Qf8+ {[%clk
00:00:38]} {[%emt 00:00:11]} Re7 {[%clk 00:00:09]} {[%emt 00:00:10]} 47. f4
{[%clk 00:00:36]} {[%emt 00:00:06]} Ng6 {[%clk 00:00:07]} {[%emt 00:00:07]} 48.
Qd8+ {[%clk 00:00:40]} {[%emt 00:00:01]} Rd7 {[%clk 00:00:08]} {[%emt
00:00:04]} 49. Qb6+ {[%emt 00:00:08]} 1-0